Principles of law and economics / (Record no. 27310)
[ view plain ]
| 000 -LEADER | |
|---|---|
| fixed length control field | 00948cam a22002775a 4500 |
| 001 - CONTROL NUMBER | |
| control field | 20305802 |
| 005 - DATE AND TIME OF LATEST TRANSACTION | |
| control field | 20190326125043.0 |
| 008 - FIXED-LENGTH DATA ELEMENTS--GENERAL INFORMATION | |
| fixed length control field | 180124t2018 enka frb 001 0 eng d |
| 010 ## - LIBRARY OF CONGRESS CONTROL NUMBER | |
| LC control number | 2018932698 |
| 020 ## - INTERNATIONAL STANDARD BOOK NUMBER | |
| International Standard Book Number | 9781781956021 (hardback : alk. paper) |
| 040 ## - CATALOGING SOURCE | |
| Original cataloging agency | DLC |
| Language of cataloging | eng |
| Transcribing agency | DLC |
| Modifying agency | EG-ScBUE |
| 082 04 - DEWEY DECIMAL CLASSIFICATION NUMBER | |
| Classification number | 340.11 |
| Item number | DNE |
| Edition number | 22 |
| 100 1# - MAIN ENTRY--PERSONAL NAME | |
| Personal name | Dnes, Antony William. |
| 245 10 - TITLE STATEMENT | |
| Title | Principles of law and economics / |
| Statement of responsibility, etc | Antony William Dnes. |
| 250 ## - EDITION STATEMENT | |
| Edition statement | 3rd ed. |
| 260 ## - PUBLICATION, DISTRIBUTION, ETC. (IMPRINT) | |
| Place of publication, distribution, etc | Cheltenham, UK : |
| Name of publisher, distributor, etc | Edward Elgar Publishing, |
| Date of publication, distribution, etc | c.2018. |
| 263 ## - PROJECTED PUBLICATION DATE | |
| Projected publication date | 1807 |
| 300 ## - PHYSICAL DESCRIPTION | |
| Extent | xix, 334 p. : |
| Other physical details | ill. ; |
| Dimensions | 24 cm. |
| 504 ## - BIBLIOGRAPHY, ETC. NOTE | |
| Bibliography, etc | Includes bibliographical references and index. |
| 520 ## - SUMMARY, ETC. | |
| Summary, etc | Principles of Law and Economics, Third Edition provides a comprehensive yet accessible guide to the field of law and economics.<br/><br/> |
| 650 #7 - SUBJECT ADDED ENTRY--TOPICAL TERM | |
| Topical term or geographic name as entry element | Law and economics |
| Form subdivision | Textbooks. |
| Source of heading or term | BUEsh |
| 651 ## - SUBJECT ADDED ENTRY--GEOGRAPHIC NAME | |
| Source of heading or term | BUEsh |
| 653 ## - INDEX TERM--UNCONTROLLED | |
| Resource For college | BAEPS, Economics |
| Arrived date list | March2019 |
| 655 ## - INDEX TERM--GENRE/FORM | |
| Form subdivision | Text book |
| 942 ## - ADDED ENTRY ELEMENTS (KOHA) | |
| Source of classification or shelving scheme | Dewey Decimal Classification |
| Withdrawn status | Item status | Source of classification or shelving scheme | Damaged status | Not for loan | Vendor | Home library | Current library | Shelving location | Date acquired | Source of acquisition | Cost, normal purchase price | Total Checkouts | Total Renewals | Full call number | Barcode | Checked out | Date last seen | Date last borrowed | Cost, replacement price | Koha item type |
|---|---|---|---|---|---|---|---|---|---|---|---|---|---|---|---|---|---|---|---|---|
| Dewey Decimal Classification | Baccah | Central Library | Central Library | First floor | 26/03/2019 | Purchase | 2950.00 | 4 | 11 | 340.11 DNE | 000044485 | 11/04/2024 | 09/01/2024 | 09/01/2024 | 3687.50 | Book - Borrowing |